[Event "Curitiba op"]
[Site "Curitiba"]
[Date "2016.04.21"]
[Round "1"]
[White "Cruz, Charlie H dos Sant"]
[Black "Languidey, Simon Alejandro"]
[Result "0-1"]
[WhiteElo "1709"]
[BlackElo "2362"]
[PlyCount "62"]
[EventDate "2016.04.21"]
[EventType "swiss"]
[EventRounds "7"]
[EventCountry "BRA"]
[SourceTitle "CBM 172 Extra"]
[Source "ChessBase"]
[SourceDate "2016.06.21"]
[SourceVersion "1"]
[SourceVersionDate "2016.06.21"]
[SourceQuality "1"]

1. e4 e6 2. d4 d5 3. Nc3 Nf6 4. e5 Nfd7 5. Be3 c5 6. Nf3 cxd4 7. Nxd4 Nxe5 8. Bf4 Ng6 9. Bg3 Bb4 10. a3 Bxc3+ 11. bxc3 0-0 12. Be2 e5 13. Nb3 f5 14. f3 Be6 15. 0-0 f4 16. Be1 Nd7 17. Kh1 Rc8 18. Qd2 Nh4 19. Rg1 Nf5 20. Bd3 Qf6 21. Bf2 Rc7 22. Nc1 Nd6 23. Re1 Qg5 24. g4 e4 25. fxe4 Bxg4 26. Be2 Nxe4 27. Qd4 Rc4 28. Qxa7 b6 29. Bxb6 f3 30. Be3 Qh4 31. Rg1 fxe2 0-1

[Event "Curitiba Sul Regional-ch"]
[Site "Curitiba"]
[Date "2015.07.12"]
[Round "6"]
[White "Cruz, Charlie H dos Sant"]
[Black "Cenedese, Jose Henrique de Ol"]
[Result "1-0"]
[WhiteElo "1800"]
[BlackElo "1611"]
[PlyCount "57"]
[EventDate "2015.07.10"]
[EventType "swiss"]
[EventRounds "6"]
[EventCountry "BRA"]
[SourceTitle "EXT 2017"]
[Source "ChessBase"]
[SourceDate "2016.10.25"]
[SourceVersion "1"]
[SourceVersionDate "2016.10.25"]
[SourceQuality "1"]

1. e4 e5 2. Nf3 Nc6 3. Bc4 Be7 4. c3 Nf6 5. d4 exd4 6. e5 Ng4 7. cxd4 d5 8. Be2 Bf5 9. h3 Nh6 10. Bxh6 gxh6 11. Nc3 h5 12. Qb3 a6 13. Qxb7 Na5 14. Qxd5 Bb4 15. Qxd8+ Rxd8 16. 0-0 Rg8 17. Kh2 Bc8 18. Ne4 Ke7 19. a3 Nb3 20. Rad1 Ba5 21. Rd3 Bb7 22. Nf6 Bxf3 23. Bxf3 Nxd4 24. Nxg8+ Kf8 25. Nf6 Nxf3+ 26. Rxf3 Kg7 27. Nxh5+ Kh8 28. Rxf7 c5 29. Nf6 1-0

[Event "Curitiba Sul Regional-ch"]
[Site "Curitiba"]
[Date "2015.07.11"]
[Round "3"]
[White "Coelho, Tatiane Cristina"]
[Black "Cruz, Charlie H dos Sant"]
[Result "1-0"]
[WhiteElo "1845"]
[BlackElo "1800"]
[PlyCount "76"]
[EventDate "2015.07.10"]
[EventType "swiss"]
[EventRounds "6"]
[EventCountry "BRA"]
[SourceTitle "EXT 2017"]
[Source "ChessBase"]
[SourceDate "2016.10.25"]
[SourceVersion "1"]
[SourceVersionDate "2016.10.25"]
[SourceQuality "1"]

1. d4 Nf6 2. Nf3 g6 3. Nc3 Bg7 4. e4 d6 5. Bf4 Nbd7 6. Bc4 c6 7. Qd2 b5 8. Bb3 b4 9. Ne2 Nxe4 10. Qxb4 Rb8 11. Qc4 0-0 12. Qxc6 Bb7 13. Qc4 Qa5+ 14. Nd2 e5 15. Be3 exd4 16. Nxd4 Nxd2 17. Bxd2 Qe5+ 18. Be3 Nb6 19. Qe2 Rfe8 20. 0-0-0 Bxg2 21. Rhg1 Qe4 22. Qd3 Qxd3 23. Rxd3 Be4 24. Rdd1 d5 25. h4 Nc4 26. Bf4 Bxd4 27. Rxd4 Rbc8 28. Bg5 Ne5 29. Ra4 a6 30. Bf6 Nf3 31. Rd1 Rc5 32. Rxa6 Bf5 33. Bc3 d4 34. Bxd4 Nxd4 35. Rxd4 Rc7 36. Rad6 Kg7 37. Bc4 h5 38. b4 Bxc2 1-0

[Event "Curitiba Sul Regional-ch"]
[Site "Curitiba"]
[Date "2015.07.10"]
[Round "1"]
[White "Souza, Gustavo Horokoski"]
[Black "Cruz, Charlie H dos Sant"]
[Result "1-0"]
[WhiteElo "1894"]
[BlackElo "1800"]
[PlyCount "109"]
[EventDate "2015.07.10"]
[EventType "swiss"]
[EventRounds "6"]
[EventCountry "BRA"]
[SourceTitle "EXT 2016"]
[Source "ChessBase"]
[SourceDate "2015.10.08"]
[SourceVersion "1"]
[SourceVersionDate "2015.10.08"]
[SourceQuality "1"]

1. d4 Nf6 2. c4 g6 3. Nc3 Bg7 4. e4 d6 5. Nf3 0-0 6. Be2 e5 7. dxe5 dxe5 8. Qxd8 Rxd8 9. Bg5 Re8 10. Nd5 Nxd5 11. cxd5 c6 12. Bc4 cxd5 13. Bxd5 Nd7 14. Nd2 Nb6 15. Bb3 Bd7 16. 0-0 Bb5 17. Rfd1 Rac8 18. Nf1 Bf8 19. Ne3 Bc5 20. a4 Ba6 21. Ng4 Be7 22. Nh6+ Kg7 23. Nxf7 Bc4 24. Bxc4 Nxc4 25. Bxe7 Rxe7 26. Nd6 Nxd6 27. Rxd6 Rc4 28. f3 Rb4 29. Rd2 Rc7 30. Rad1 Rcc4 31. Rd7+ Kf6 32. R1d6+ Kg5 33. Rxh7 Kf4 34. h4 Rc6 35. Rxc6 bxc6 36. Rg7 c5 37. Rxg6 c4 38. Rc6 Kg3 39. Rc7 Rxb2 40. Kf1 Rb1+ 41. Ke2 Rb2+ 42. Kf1 Rb1+ 43. Ke2 Rb2+ 44. Ke3 Rb3+ 45. Kd2 Kxg2 46. Rxc4 Kxf3 47. Rc3+ Rxc3 48. Kxc3 a5 49. Kc4 Kf4 50. Kd5 Kf3 51. Kxe5 Kg4 52. Kd6 Kxh4 53. e5 Kg5 54. e6 Kf6 55. Kd7 1-0